[Event "Plzen op-A U18"]
[Site "Plzen"]
[Date "1996.??.??"]
[Round "1"]
[White "Blazkova, Petra"]
[Black "Cichy, Miroslav"]
[Result "1-0"]
[WhiteElo "2215"]
[BlackElo "1925"]
[PlyCount "33"]
[EventDate "1996.??.??"]
[EventRounds "9"]
[EventCountry "CZE"]
[Source "ChessBase"]
[SourceDate "1996.11.15"]

1. e4 c5 2. Nf3 Nc6 3. d4 cxd4 4. Nxd4 Nf6 5. Nc3 e5 6. Ndb5 d6 7. Bg5 a6 8.
Na3 b5 9. Bxf6 gxf6 10. Nd5 f5 11. Bxb5 axb5 12. Nxb5 Ra5 13. Nbc7+ Kd7 14. Qh5
Ne7 15. Qxf7 Rc5 16. Ne6 Qa5+ 17. b4 1-0

[Event "Plzen op-A U18"]
[Site "Plzen"]
[Date "1996.??.??"]
[Round "3"]
[White "Blazkova, Petra"]
[Black "Kupka, Frantisek"]
[Result "1-0"]
[WhiteElo "2215"]
[BlackElo "2000"]
[PlyCount "29"]
[EventDate "1996.??.??"]
[EventRounds "9"]
[EventCountry "CZE"]
[Source "ChessBase"]
[SourceDate "1996.11.15"]

1. e4 c5 2. c3 d5 3. exd5 Qxd5 4. d4 Nf6 5. Nf3 e6 6. Na3 a6 7. Nc4 Qd8 8. Bg5
b5 9. Nce5 Bb7 10. a4 b4 11. a5 Nc6 12. Qa4 Rc8 13. Bxa6 Qc7 14. Bxb7 Qxb7 15.
a6 1-0

[Event "Plzen op-A U18"]
[Site "Plzen"]
[Date "1996.??.??"]
[Round "5"]
[White "Blazkova, Petra"]
[Black "Simacek, Pavel"]
[Result "1/2-1/2"]
[WhiteElo "2215"]
[BlackElo "2285"]
[PlyCount "74"]
[EventDate "1996.??.??"]
[EventRounds "9"]
[EventCountry "CZE"]
[Source "ChessBase"]
[SourceDate "1996.11.15"]

1. e4 e5 2. Nf3 Nc6 3. Bb5 a6 4. Bxc6 dxc6 5. Nc3 f6 6. d4 exd4 7. Nxd4 c5 8.
Nde2 Qxd1+ 9. Nxd1 Bd7 10. Bf4 O-O-O 11. Ne3 Bc6 12. Nc3 Ne7 13. Ke2 Re8 14. f3
f5 15. Bg3 g5 16. Nc4 fxe4 17. fxe4 Ng6 18. Rhe1 Bg7 19. Nd2 Bxc3 20. bxc3 Bxe4
21. Nxe4 Rxe4+ 22. Kd3 Rxe1 23. Rxe1 Kd7 24. Ke4 Rf8 25. Rd1+ Kc6 26. Rd2 h5
27. Rf2 Nf4 28. Bxf4 gxf4 29. Rxf4 Re8+ 30. Kd3 Re5 31. h3 b5 32. Rf6+ Kd5 33.
Rg6 c4+ 34. Kd2 a5 35. g4 Ke4 36. Rc6 hxg4 37. hxg4 Kf4 1/2-1/2

[Event "Plzen op-A U18"]
[Site "Plzen"]
[Date "1996.??.??"]
[Round "9"]
[White "Blazkova, Petra"]
[Black "Staszko, Martin"]
[Result "1-0"]
[WhiteElo "2215"]
[BlackElo "2175"]
[PlyCount "101"]
[EventDate "1996.??.??"]
[EventRounds "9"]
[EventCountry "CZE"]
[Source "ChessBase"]
[SourceDate "1996.11.15"]

1. e4 e6 2. d4 d5 3. Nd2 dxe4 4. Nxe4 Bd7 5. Nf3 Bc6 6. Bd3 Nd7 7. O-O Ngf6 8.
Qe2 Nxe4 9. Bxe4 Bxe4 10. Qxe4 c6 11. Bg5 Be7 12. Bxe7 Qxe7 13. c3 O-O 14. Rfe1
Rad8 15. Rad1 Nf6 16. Qh4 Nd5 17. Qg3 Qd6 18. Ne5 f6 19. Nd3 Rfe8 20. Qxd6 Rxd6
21. f4 Kf7 22. g3 b6 23. a4 a5 24. Re2 g6 25. g4 Rd7 26. g5 Rc7 27. Rde1 Ree7
28. gxf6 Kxf6 29. Kf2 Rc8 30. Kg3 Rd8 31. Ne5 Rc8 32. Nc4 Rd8 33. Nd2 h6 34.
Nc4 Rdd7 35. Ne5 Rc7 36. Ng4+ Kg7 37. Rxe6 Rf7 38. Ne5 Rf6 39. Rxf6 Kxf6 40.
Ng4+ Kg7 41. Re6 Ne7 42. Ne5 c5 43. dxc5 bxc5 44. Ra6 Rb7 45. Rxa5 Rxb2 46.
Rxc5 Nf5+ 47. Kf3 Ra2 48. Rc7+ Kf6 49. Rc6+ Ke7 50. Nxg6+ Kd8 51. Rf6 1-0

[Event "Plzen op-A U18"]
[Site "Plzen"]
[Date "1996.??.??"]
[Round "7"]
[White "Blazkova, Petra"]
[Black "Taus, Martin"]
[Result "1-0"]
[WhiteElo "2215"]
[BlackElo "2160"]
[PlyCount "53"]
[EventDate "1996.??.??"]
[EventRounds "9"]
[EventCountry "CZE"]
[Source "ChessBase"]
[SourceDate "1996.11.15"]

1. e4 e6 2. d4 d5 3. Nd2 dxe4 4. Nxe4 Nf6 5. Bg5 Be7 6. Bxf6 Bxf6 7. Nf3 Nd7 8.
Bd3 c5 9. dxc5 Nxc5 10. Bb5+ Ke7 11. Nxf6 gxf6 12. O-O Qb6 13. Qe2 a6 14. Bc4
Qxb2 15. Rfd1 Qc3 16. Nd4 h5 17. Nf5+ Ke8 18. Rab1 b5 19. Bd5 Rb8 20. Bc6+ Bd7
21. Bxd7+ Nxd7 22. Nd6+ Ke7 23. Nxf7 Rhc8 24. Qxh5 Qxc2 25. Nd6 Rf8 26. Rbc1
Qxa2 27. Qh7+ 1-0

[Event "Plzen op-A U18"]
[Site "Plzen"]
[Date "1996.??.??"]
[Round "7"]
[White "Blecha, Milan"]
[Black "Kracik, Dobroslav"]
[Result "0-1"]
[WhiteElo "1915"]
[BlackElo "1935"]
[PlyCount "72"]
[EventDate "1996.??.??"]
[EventRounds "9"]
[EventCountry "CZE"]
[Source "ChessBase"]
[SourceDate "1996.11.15"]

1. e4 c5 2. Nf3 d6 3. d4 cxd4 4. Nxd4 Nf6 5. Nc3 a6 6. Be3 e6 7. g4 e5 8. Nf5
g6 9. g5 gxf5 10. gxf6 f4 11. Bd2 Be6 12. Nd5 Nd7 13. Bc3 Nxf6 14. Qd3 Nxd5 15.
exd5 Bg4 16. Rg1 Bh5 17. Qh3 Bg6 18. O-O-O Qd7 19. Qf3 Bh6 20. Bh3 Qa4 21. Kb1
Bxc2+ 22. Ka1 Bb3 23. a3 Bxd1 24. Rxd1 Rg8 25. Re1 Qc2 26. Qh5 Qg6 27. Rxe5+
Kf8 28. Bb4 a5 29. Bxd6+ Qxd6 30. Be6 Rg6 31. Rf5 Kg7 32. Rxf7+ Kh8 33. Qh3 Qc5
34. Qd3 b5 35. Qb1 Qxf2 36. Qe4 Qf1+ 0-1

[Event "Plzen op-A U18"]
[Site "Plzen"]
[Date "1996.??.??"]
[Round "5"]
[White "Blecha, Milan"]
[Black "Kupka, Frantisek"]
[Result "0-1"]
[WhiteElo "1915"]
[BlackElo "2000"]
[PlyCount "84"]
[EventDate "1996.??.??"]
[EventRounds "9"]
[EventCountry "CZE"]
[Source "ChessBase"]
[SourceDate "1996.11.15"]

1. e4 c5 2. Nf3 e6 3. d4 cxd4 4. Nxd4 a6 5. Nc3 Qc7 6. g3 b5 7. Bg2 Bb7 8. O-O
Nf6 9. Re1 d6 10. Bg5 Nbd7 11. Qe2 O-O-O 12. Ndxb5 axb5 13. Nxb5 Ba6 14. c4
Bxb5 15. cxb5 Kb8 16. a4 d5 17. exd5 exd5 18. a5 Bd6 19. Rec1 Rhe8 20. Be3 Rxe3
21. Qxe3 Qb7 22. Bf1 Re8 23. Qc3 Bc5 24. Bd3 Rc8 25. Qd2 Ne5 26. Qf4 Nfd7 27.
Bf5 g5 28. Qa4 d4 29. a6 Nf3+ 30. Kh1 Qd5 31. Qa2 Qxf5 32. a7+ Ka8 33. Rxc5
Qxc5 34. Qxf7 Nfe5 35. Qxh7 Qxb5 36. Qe4+ Qc6 37. Qxc6+ Rxc6 38. b4 Rb6 39. f4
gxf4 40. gxf4 Nf7 41. Ra4 d3 42. b5 Rd6 0-1

[Event "Plzen op-A U18"]
[Site "Plzen"]
[Date "1996.??.??"]
[Round "4"]
[White "Blecha, Milan"]
[Black "Prokop, Jacek"]
[Result "1-0"]
[WhiteElo "1915"]
[BlackElo "1980"]
[PlyCount "51"]
[EventDate "1996.??.??"]
[EventRounds "9"]
[EventCountry "CZE"]
[Source "ChessBase"]
[SourceDate "1996.11.15"]

1. e4 d6 2. d4 Nf6 3. Nc3 g6 4. f4 Bg7 5. Nf3 c5 6. Bb5+ Bd7 7. e5 Ng4 8. Bxd7+
Qxd7 9. d5 dxe5 10. h3 e4 11. Nxe4 Nf6 12. Ne5 Qc7 13. d6 Qc8 14. Ng5 Nbd7 15.
Nexf7 Rf8 16. Ne5 Nxe5 17. fxe5 Nh5 18. dxe7 Rf5 19. Nf3 Ng3 20. Qd5 Nxh1 21.
Qg8+ Bf8 22. Bg5 Ng3 23. Rd1 Ne4 24. Rd8+ Qxd8 25. exd8=Q+ Rxd8 26. Qe6+ 1-0

[Event "Plzen op-A U18"]
[Site "Plzen"]
[Date "1996.??.??"]
[Round "9"]
[White "Brandt, Silvio"]
[Black "Navara, David"]
[Result "0-1"]
[WhiteElo "1830"]
[BlackElo "2140"]
[PlyCount "46"]
[EventDate "1996.??.??"]
[EventRounds "9"]
[EventCountry "CZE"]
[Source "ChessBase"]
[SourceDate "1996.11.15"]

1. e4 c5 2. Nf3 d6 3. d4 cxd4 4. Nxd4 Nf6 5. Nc3 a6 6. Bg5 e6 7. f4 Nbd7 8. Qf3
Be7 9. O-O-O Qc7 10. g4 b5 11. Bxf6 Bxf6 12. Bxb5 axb5 13. Ndxb5 Qb8 14. Nxd6+
Kf8 15. e5 Bxe5 16. fxe5 Nxe5 17. Qf4 f6 18. Rhf1 Ng6 19. Qg5 Kg8 20. Rxf6 gxf6
21. Qxf6 Qc7 22. Nf7 Qxf7 23. Rd8+ Nf8 0-1

[Event "Plzen op-A U18"]
[Site "Plzen"]
[Date "1996.??.??"]
[Round "7"]
[White "Brandt, Silvio"]
[Black "Stankova, Zuzana"]
[Result "1/2-1/2"]
[WhiteElo "1830"]
[BlackElo "2105"]
[PlyCount "70"]
[EventDate "1996.??.??"]
[EventRounds "9"]
[EventCountry "CZE"]
[Source "ChessBase"]
[SourceDate "1996.11.15"]

1. e4 c5 2. Nf3 Nc6 3. d4 cxd4 4. Nxd4 Nf6 5. Nc3 e6 6. Ndb5 Bb4 7. a3 Bxc3+ 8.
Nxc3 d6 9. Bf4 e5 10. Bg5 h6 11. Bxf6 gxf6 12. Nb5 Ke7 13. Qd2 a6 14. Nc3 Be6
15. O-O-O Nd4 16. Ne2 Nxe2+ 17. Bxe2 b5 18. f4 Rc8 19. Kb1 Qb6 20. g4 a5 21. g5
hxg5 22. fxg5 f5 23. Qd3 Bc4 24. Qf3 Bxe2 25. Qxe2 fxe4 26. Qxe4 Rc4 27. Qf3
Rf4 28. Qd5 Rc8 29. Rhf1 Rcc4 30. Qd3 Rcd4 31. Qh7 Rxd1+ 32. Rxd1 Qf2 33. Qh6
Qc5 34. g6 fxg6 35. Qxg6 Kd7 1/2-1/2

[Event "Plzen op-A U18"]
[Site "Plzen"]
[Date "1996.??.??"]
[Round "4"]
[White "Brandt, Silvio"]
[Black "Staszko, Martin"]
[Result "0-1"]
[WhiteElo "1830"]
[BlackElo "2175"]
[PlyCount "104"]
[EventDate "1996.??.??"]
[EventRounds "9"]
[EventCountry "CZE"]
[Source "ChessBase"]
[SourceDate "1996.11.15"]

1. e4 e6 2. d4 d5 3. Nc3 Bb4 4. e5 c5 5. a3 Bxc3+ 6. bxc3 Ne7 7. Qg4 Qc7 8. Bd3
Nbc6 9. Ne2 c4 10. Qxg7 Rg8 11. Qxh7 cxd3 12. Qxd3 Na5 13. O-O Bd7 14. Ng3
O-O-O 15. Nh5 Nf5 16. Nf6 Rg6 17. a4 Rh8 18. g3 Nc4 19. Bf4 Qd8 20. Rfb1 Bc6
21. Kg2 Rh4 22. g4 Qh8 23. Rh1 a6 24. Bg3 Nxg3 25. fxg3 Rh3 26. Nh5 Rxg4 27.
Kxh3 Qxh5+ 28. Kg2 Nxe5 29. dxe5 d4+ 30. Kf2 Bxh1 31. Rxh1 Qxe5 32. cxd4 Rxd4
33. Re1 Qc5 34. Qe3 Rd2+ 35. Re2 Rxe2+ 36. Kxe2 Qxc2+ 37. Kf3 Qd1+ 38. Kf2 Qc2+
39. Kf3 Qxa4 40. h4 Qc6+ 41. Kg4 b5 42. h5 b4 43. h6 Qc2 44. h7 Qf5+ 45. Kh4
Qxh7+ 46. Kg4 Qf5+ 47. Kh4 Qd5 48. Qa7 Qb7 49. Qc5+ Kd7 50. Qf8 Kc6 51. Qe8+
Kc5 52. Qf8+ Kc4 0-1

[Event "Plzen op-A U18"]
[Site "Plzen"]
[Date "1996.??.??"]
[Round "9"]
[White "Cedikova, Katerina"]
[Black "Klimes, Martin"]
[Result "1/2-1/2"]
[WhiteElo "1845"]
[BlackElo "2030"]
[PlyCount "58"]
[EventDate "1996.??.??"]
[EventRounds "9"]
[EventCountry "CZE"]
[Source "ChessBase"]
[SourceDate "1996.11.15"]

1. d4 Nf6 2. c4 c5 3. d5 b5 4. cxb5 a6 5. bxa6 Bxa6 6. Nc3 d6 7. e4 Bxf1 8.
Kxf1 g6 9. g3 Bg7 10. Kg2 O-O 11. h3 Qb6 12. Nf3 Nfd7 13. Re1 Na6 14. Re2 h6
15. Be3 Rfb8 16. Rc1 Qa5 17. Na4 Nb6 18. Nxb6 Rxb6 19. b3 Nb4 20. a4 Rab8 21.
Nd2 Qa8 22. Nc4 Ra6 23. Kh2 Qb7 24. Rd2 Raa8 25. Rb1 Kh7 26. Qe2 Qc7 27. h4 Na6
28. h5 g5 29. f4 f6 1/2-1/2

[Event "Plzen op-A U18"]
[Site "Plzen"]
[Date "1996.??.??"]
[Round "7"]
[White "Cedikova, Katerina"]
[Black "Sott, Pavel"]
[Result "1/2-1/2"]
[WhiteElo "1845"]
[BlackElo "1935"]
[PlyCount "83"]
[EventDate "1996.??.??"]
[EventRounds "9"]
[EventCountry "CZE"]
[Source "ChessBase"]
[SourceDate "1996.11.15"]

1. d4 f5 2. g3 Nf6 3. Bg2 e6 4. Nf3 d5 5. c4 c6 6. O-O Bd6 7. Nc3 O-O 8. Bf4
Bxf4 9. gxf4 Ne4 10. e3 Bd7 11. Ne5 Qh4 12. f3 Nf6 13. Qe2 Be8 14. Rac1 Nbd7
15. Na4 Rb8 16. b4 Bh5 17. Nc5 Nxc5 18. bxc5 Rfd8 19. Qf2 Qxf2+ 20. Kxf2 Nd7
21. Nd3 Be8 22. Rc2 Nf6 23. Rb1 dxc4 24. Rxc4 Nd5 25. Bf1 b5 26. cxb6 axb6 27.
Ne5 Rdc8 28. Bd3 Ra8 29. Rb2 Ra3 30. Rcc2 Ra7 31. Bc4 Rb8 32. Bxd5 cxd5 33. Nc6
Bxc6 34. Rxc6 Kf7 35. Rcxb6 Rxb6 36. Rxb6 Rxa2+ 37. Kg3 Ra3 38. Kf2 Ra2+ 39.
Kg3 Ra3 40. Kf2 Ra2+ 41. Kg3 Ra3 42. Kf2 1/2-1/2

[Event "Plzen op-A U18"]
[Site "Plzen"]
[Date "1996.??.??"]
[Round "3"]
[White "Cedikova, Katerina"]
[Black "Staszko, Martin"]
[Result "1/2-1/2"]
[WhiteElo "1845"]
[BlackElo "2175"]
[PlyCount "52"]
[EventDate "1996.??.??"]
[EventRounds "9"]
[EventCountry "CZE"]
[Source "ChessBase"]
[SourceDate "1996.11.15"]

1. d4 d5 2. c4 e6 3. Nc3 Nf6 4. cxd5 exd5 5. Bg5 Be7 6. e3 c6 7. Bd3 Nbd7 8.
Qc2 O-O 9. Nf3 Re8 10. O-O Nf8 11. Rab1 a5 12. a3 Ne4 13. Bxe7 Qxe7 14. b4 axb4
15. axb4 Bf5 16. Bxe4 Bxe4 17. Nxe4 dxe4 18. Nd2 Nd7 19. Rfc1 Nf6 20. b5 Rec8
21. bxc6 Rxc6 22. Qb2 Rxc1+ 23. Rxc1 h6 24. Qb5 Qa3 25. Rb1 Rb8 26. Nc4 Qd3
1/2-1/2

[Event "Plzen op-A U18"]
[Site "Plzen"]
[Date "1996.??.??"]
[Round "5"]
[White "Cedikova, Katerina"]
[Black "Suran, Jan"]
[Result "0-1"]
[WhiteElo "1845"]
[BlackElo "2315"]
[PlyCount "86"]
[EventDate "1996.??.??"]
[EventRounds "9"]
[EventCountry "CZE"]
[Source "ChessBase"]
[SourceDate "1996.11.15"]

1. d4 c5 2. d5 e5 3. e4 d6 4. c4 Be7 5. Nc3 a6 6. Be3 Bg5 7. Qd2 Bxe3 8. Qxe3
Nh6 9. f3 f5 10. O-O-O O-O 11. Be2 b5 12. Nh3 Qa5 13. g4 f4 14. Qd2 Nf7 15. Nf2
b4 16. Nb1 Qxa2 17. Qc2 Nd7 18. Nd2 Nb6 19. Nd3 Bd7 20. Qb1 Qxb1+ 21. Kxb1 a5
22. Rc1 Nd8 23. Bd1 Kf7 24. h3 Kf6 25. Rh2 Nb7 26. Ka2 h5 27. Be2 Rh8 28. Rch1
Rh7 29. Nf2 Rah8 30. h4 g5 31. Kb1 Kg6 32. hxg5 hxg4 33. Rxh7 Rxh7 34. Rxh7
Kxh7 35. Nxg4 Bxg4 36. fxg4 Nd8 37. Nf3 Kg6 38. Nh4+ Kxg5 39. Nf5 Nf7 40. b3 a4
41. Ka2 a3 42. Bf3 Nd7 43. Kb1 Nf6 0-1

[Event "Plzen op-A U18"]
[Site "Plzen"]
[Date "1996.??.??"]
[Round "6"]
[White "Cichy, Miroslav"]
[Black "Brandt, Silvio"]
[Result "1-0"]
[WhiteElo "1925"]
[BlackElo "1830"]
[PlyCount "59"]
[EventDate "1996.??.??"]
[EventRounds "9"]
[EventCountry "CZE"]
[Source "ChessBase"]
[SourceDate "1996.11.15"]

1. e4 c5 2. f4 Nc6 3. Nf3 e6 4. Bb5 Nf6 5. Nc3 d6 6. O-O Be7 7. b3 O-O 8. Bxc6
bxc6 9. Bb2 d5 10. Ne5 Qc7 11. d3 Ba6 12. Qf3 c4 13. dxc4 dxc4 14. Rfd1 Rfd8
15. Kh1 Rab8 16. Ne2 c5 17. Ng4 Rxd1+ 18. Rxd1 Rd8 19. Ng3 Rxd1+ 20. Qxd1 Qxf4
21. Nxf6+ gxf6 22. Bc1 Qd6 23. Qg4+ Kf8 24. Bf4 Qd4 25. h3 Qa1+ 26. Kh2 Qxa2
27. Qd1 cxb3 28. Qd7 Kg7 29. Qxe7 Kg6 30. Qf8 1-0

[Event "Plzen op-A U18"]
[Site "Plzen"]
[Date "1996.??.??"]
[Round "8"]
[White "Cichy, Miroslav"]
[Black "Cedikova, Katerina"]
[Result "1-0"]
[WhiteElo "1925"]
[BlackElo "1845"]
[PlyCount "129"]
[EventDate "1996.??.??"]
[EventRounds "9"]
[EventCountry "CZE"]
[Source "ChessBase"]
[SourceDate "1996.11.15"]

1. e4 c5 2. f4 d5 3. exd5 Nf6 4. c4 e6 5. dxe6 Bxe6 6. Nf3 Nc6 7. Be2 Bd6 8. d3
Qc7 9. g3 O-O-O 10. Nc3 Rhe8 11. O-O Bg4 12. Rf2 a6 13. Ng5 Bxe2 14. Rxe2 Qd7
15. Nge4 Nd4 16. Rg2 Qg4 17. Be3 Qxd1+ 18. Rxd1 Ng4 19. Bxd4 cxd4 20. Nd5 h6
21. h3 Ne3 22. Nxe3 dxe3 23. Nxd6+ Rxd6 24. Re2 Rd4 25. Kg2 g5 26. Kf3 gxf4 27.
gxf4 h5 28. Rxe3 Rg8 29. Re5 h4 30. Ke3 Rd6 31. Rg5 Re8+ 32. Kd2 Re4 33. c5
Rdd4 34. Rf5 Rxf4 35. Rf1 Rxf1 36. Rxf1 Rd5 37. b4 Rg5 38. Rxf7 Rg3 39. Kc3
Rxh3 40. Rh7 Rh1 41. Kd4 Rb1 42. Kc4 Rb2 43. Rxh4 Rxa2 44. Kd5 Rg2 45. Re4 Kd7
46. Re6 Rg5+ 47. Re5 Rg4 48. d4 Rh4 49. Rf5 Rh7 50. Rf6 Rh5+ 51. Ke4 Rh4+ 52.
Ke5 Rh5+ 53. Rf5 Rh7 54. d5 Re7+ 55. Kd4 Re1 56. Rf7+ Kc8 57. Rf6 Kd7 58. Rd6+
Kc7 59. Re6 Rd1+ 60. Ke5 Re1+ 61. Kf6 Rf1+ 62. Ke7 Rd1 63. d6+ Kc8 64. Ke8 Rd4
65. Re7 1-0

[Event "Plzen op-A U18"]
[Site "Plzen"]
[Date "1996.??.??"]
[Round "9"]
[White "Cichy, Miroslav"]
[Black "Hitzgerova, Gabriela"]
[Result "1/2-1/2"]
[WhiteElo "1925"]
[BlackElo "2125"]
[PlyCount "31"]
[EventDate "1996.??.??"]
[EventRounds "9"]
[EventCountry "CZE"]
[Source "ChessBase"]
[SourceDate "1996.11.15"]

1. e4 e5 2. Nf3 Nc6 3. d4 exd4 4. Nxd4 Nf6 5. Nc3 Bb4 6. Nxc6 bxc6 7. Bd3 d5 8.
exd5 cxd5 9. O-O O-O 10. Bg5 Be7 11. Qf3 Be6 12. Rae1 h6 13. Bxh6 gxh6 14. Rxe6
fxe6 15. Qg3+ Kh8 16. Qg6 1/2-1/2

[Event "Plzen op-A U18"]
[Site "Plzen"]
[Date "1996.??.??"]
[Round "3"]
[White "Cichy, Miroslav"]
[Black "Kracik, Dobroslav"]
[Result "1/2-1/2"]
[WhiteElo "1925"]
[BlackElo "1935"]
[PlyCount "117"]
[EventDate "1996.??.??"]
[EventRounds "9"]
[EventCountry "CZE"]
[Source "ChessBase"]
[SourceDate "1996.11.15"]

1. e4 c5 2. f4 d5 3. exd5 Qxd5 4. Nc3 Qd8 5. Nf3 Nf6 6. d4 e6 7. Bb5+ Bd7 8.
Bxd7+ Qxd7 9. Ne5 Qxd4 10. Qxd4 cxd4 11. Nb5 Bb4+ 12. Ke2 Na6 13. Nxd4 O-O 14.
Be3 Nd5 15. Rhd1 Rfd8 16. c4 Nxe3 17. Kxe3 Bc5 18. a3 f6 19. Nef3 Rac8 20. b4
Bxd4+ 21. Rxd4 Rxd4 22. Kxd4 Rd8+ 23. Kc3 Nc7 24. Re1 Kf7 25. Re2 Rd1 26. Rd2
Rc1+ 27. Kb3 Ke7 28. b5 a6 29. a4 Rb1+ 30. Rb2 Rxb2+ 31. Kxb2 Kd6 32. Kc3 a5
33. Nd2 e5 34. Ne4+ Kd7 35. Nc5+ Kc8 36. fxe5 fxe5 37. Nd3 Ne6 38. Nxe5 Nc5 39.
Nd3 Nxa4+ 40. Kb3 Nb6 41. c5 Nd5 42. Ka4 Ne3 43. Kxa5 Nxg2 44. Kb6 Ne3 45. c6
Nd5+ 46. Kc5 Ne7 47. Nf4 g5 48. Ne6 g4 49. Kd6 Nf5+ 50. Ke5 Ne7 51. Kf6 Nd5+
52. Kg5 bxc6 53. bxc6 Ne3 54. Kf4 Nf1 55. Kxg4 Nxh2+ 56. Kf4 h5 57. Ke5 Ng4+
58. Kd6 Nf6 59. Nf4 1/2-1/2

[Event "Plzen op-A U18"]
[Site "Plzen"]
[Date "1996.??.??"]
[Round "4"]
[White "Cichy, Miroslav"]
[Black "Soukup, Jiri"]
[Result "0-1"]
[WhiteElo "1925"]
[BlackElo "1885"]
[PlyCount "94"]
[EventDate "1996.??.??"]
[EventRounds "9"]
[EventCountry "CZE"]
[Source "ChessBase"]
[SourceDate "1996.11.15"]

1. e4 e5 2. Bc4 Bc5 3. Nf3 Nc6 4. c3 Nf6 5. Qe2 d6 6. Bb3 Be6 7. Bc2 Qd7 8. d3
h6 9. Be3 Bxe3 10. Qxe3 Nh5 11. g3 f5 12. Nbd2 f4 13. Qe2 O-O-O 14. O-O-O g5
15. Bb3 Nf6 16. Bxe6 Qxe6 17. Nb3 a5 18. Kb1 a4 19. Nc1 d5 20. Qc2 dxe4 21.
dxe4 Qc4 22. Nd2 Qa6 23. Nf3 g4 24. Nh4 Qc4 25. gxf4 Qxe4 26. Ng6 Rhe8 27. fxe5
Nxe5 28. Rxd8+ Kxd8 29. Rd1+ Kc8 30. Qxe4 Nxe4 31. Nxe5 Rxe5 32. Nd3 Rf5 33.
Kc2 Rh5 34. Rh1 Rh3 35. Re1 Nxf2 36. Nxf2 Rxh2 37. Kd3 Rxf2 38. Rh1 Rxb2 39. a3
Rb6 40. Rh4 Rg6 41. Ke2 Kd7 42. Kf2 Kd6 43. Rh5 Rf6+ 44. Kg3 Rf3+ 45. Kxg4 Rxc3
46. Rxh6+ Kc5 47. Rh7 Kb6 0-1

[Event "Plzen op-A U18"]
[Site "Plzen"]
[Date "1996.??.??"]
[Round "1"]
[White "Dolezal, Radoslav Jr"]
[Black "Mazur, David"]
[Result "1-0"]
[WhiteElo "2270"]
[BlackElo "1960"]
[Annotator "Doe,John"]
[PlyCount "83"]
[EventDate "1996.??.??"]
[EventRounds "9"]
[EventCountry "CZE"]
[Source "ChessBase"]
[SourceDate "1996.11.15"]

1. e4 e5 2. Nf3 Nc6 3. Bb5 a6 4. Ba4 Nf6 5. Qe2 b5 6. Bb3 Bc5 7. a4 Rb8 8. axb5
axb5 9. Nc3 O-O 10. O-O b4 11. Nd1 Nd4 12. Nxd4 Bxd4 13. d3 d5 14. Kh1 dxe4 15.
dxe4 Qd6 16. Bc4 Nd7 17. c3 Bc5 18. Ne3 Nb6 19. Bb3 bxc3 20. bxc3 Bb7 21. Nf5
Qc6 22. f3 Ra8 23. Bg5 Kh8 24. Rfd1 f6 25. Bd2 g6 26. Nh6 Kg7 27. Ng4 g5 28. h4
h6 29. Be1 Rxa1 30. Rxa1 Bc8 31. Ne3 Kg6 32. Nd5 Be6 33. Qd3 f5 34. Rd1 Bxd5
35. Bxd5 Nxd5 36. Qxd5 Qd6 37. Qb3 Qb6 $2 {Diagram #} (37... Qf6 $14) 38. exf5+
$1 Kxf5 (38... Rxf5 39. Qg8+ Kh5 (39... Kf6 40. Rd7 $18) 40. g4#) 39. Qc2+ Ke6
(39... Kf6 40. Qh7 $18 {[%csl Rh6]}) 40. Qg6+ Rf6 41. Qg8+ Kf5 (41... Ke7 42.
Qd8+ Kf7 43. Rd7+ Ke6 (43... Kg6 44. g4 $18 {[%cal Gh4h5,Gd8g8]}) 44. Rxc7 $18)
42. Qh7+ (42. Qh7+ Ke6 (42... Kf4 43. Qe4#) 43. Qd7#) 1-0

[Event "Plzen op-A U18"]
[Site "Plzen"]
[Date "1996.??.??"]
[Round "5"]
[White "Dolezal, Radoslav Jr"]
[Black "Soln, Primoz"]
[Result "1/2-1/2"]
[WhiteElo "2270"]
[BlackElo "2330"]
[PlyCount "22"]
[EventDate "1996.??.??"]
[EventRounds "9"]
[EventCountry "CZE"]
[Source "ChessBase"]
[SourceDate "1996.11.15"]

1. e4 c5 2. c3 e6 3. d4 d5 4. exd5 exd5 5. Nf3 Nc6 6. Be2 Bd6 7. O-O Nge7 8.
dxc5 Bxc5 9. Nbd2 O-O 10. Nb3 Bd6 11. Bg5 Bg4 1/2-1/2

[Event "Plzen op-A U18"]
[Site "Plzen"]
[Date "1996.??.??"]
[Round "6"]
[White "Dolezal, Radoslav Jr"]
[Black "Vavra, Pavel"]
[Result "1-0"]
[WhiteElo "2270"]
[BlackElo "2375"]
[PlyCount "73"]
[EventDate "1996.??.??"]
[EventRounds "9"]
[EventCountry "CZE"]
[Source "ChessBase"]
[SourceDate "1996.11.15"]

1. e4 c6 2. d4 d5 3. Nd2 dxe4 4. Nxe4 Nd7 5. Bd3 Ngf6 6. Ng5 e6 7. Ne2 Bd6 8.
Bd2 h6 9. Nf3 Qc7 10. c4 b6 11. b4 c5 12. dxc5 bxc5 13. b5 Bb7 14. Ng3 Ne5 15.
Be2 Nxf3+ 16. Bxf3 Bxg3 17. hxg3 Qe5+ 18. Kf1 Rd8 19. Bxb7 Rxd2 20. Qxd2 Qxa1+
21. Ke2 Qe5+ 22. Qe3 Ng4 23. Qxe5 Nxe5 24. Rc1 Ke7 25. f4 Nd7 26. a4 Kd6 27. a5
f5 28. Rd1+ Kc7 29. Bc6 Nb8 30. Bf3 g5 31. g4 Re8 32. Rh1 gxf4 33. Rxh6 Nd7 34.
Rh7 Rd8 35. gxf5 Kd6 36. fxe6 Kxe6 37. Bg4+ 1-0

[Event "Plzen op-A U18"]
[Site "Plzen"]
[Date "1996.??.??"]
[Round "7"]
[White "Hrbolka, Ladislav Jr"]
[Black "Hitzgerova, Gabriela"]
[Result "0-1"]
[WhiteElo "1905"]
[BlackElo "2125"]
[PlyCount "28"]
[EventDate "1996.??.??"]
[EventRounds "9"]
[EventCountry "CZE"]
[Source "ChessBase"]
[SourceDate "1996.11.15"]

1. e4 c5 2. Nf3 d6 3. d4 cxd4 4. Nxd4 Nf6 5. Nc3 a6 6. Be3 e6 7. f3 b5 8. Qd2
Bb7 9. g4 Qc7 10. O-O-O Nc6 11. h4 Na5 12. h5 Nd7 13. Ncxb5 axb5 14. Nxb5 Nb3+
0-1

[Event "Plzen op-A U18"]
[Site "Plzen"]
[Date "1996.??.??"]
[Round "1"]
[White "Hrbolka, Ladislav Jr"]
[Black "Petek, Pavel"]
[Result "0-1"]
[WhiteElo "1905"]
[BlackElo "2175"]
[PlyCount "44"]
[EventDate "1996.??.??"]
[EventRounds "9"]
[EventCountry "CZE"]
[Source "ChessBase"]
[SourceDate "1996.11.15"]

1. e4 e5 2. Bc4 Nf6 3. d3 Nc6 4. Nf3 Be7 5. O-O O-O 6. Nc3 d6 7. h3 Be6 8. Nd5
Bxd5 9. Bxd5 Nxd5 10. exd5 Nb4 11. c4 a5 12. Qe2 Bf6 13. Be3 Re8 14. Nd2 c6 15.
dxc6 bxc6 16. Ne4 Be7 17. f4 d5 18. Nf2 exf4 19. Bxf4 Bc5 20. Qf3 Qf6 21. a3
Nc2 22. Rab1 Nd4 0-1

[Event "Plzen op-A U18"]
[Site "Plzen"]
[Date "1996.??.??"]
[Round "4"]
[White "Hrbolka, Ladislav Jr"]
[Black "Sott, Pavel"]
[Result "1/2-1/2"]
[WhiteElo "1905"]
[BlackElo "1935"]
[PlyCount "51"]
[EventDate "1996.??.??"]
[EventRounds "9"]
[EventCountry "CZE"]
[Source "ChessBase"]
[SourceDate "1996.11.15"]

1. e4 c5 2. Nf3 d6 3. d4 cxd4 4. Nxd4 Nf6 5. Nc3 g6 6. Bg5 Bg7 7. Bb5+ Bd7 8.
Bxd7+ Qxd7 9. O-O O-O 10. Qd2 Nc6 11. Rae1 Rfe8 12. f4 Red8 13. Nxc6 Qxc6 14.
Nd5 Rdc8 15. c3 Qc5+ 16. Kh1 Nxd5 17. exd5 e6 18. dxe6 fxe6 19. Re2 d5 20. Rfe1
Rc6 21. Qd3 b5 22. Qh3 Qd6 23. Qh4 b4 24. cxb4 Qxb4 25. Bf6 Qf8 26. Bxg7
1/2-1/2